Catalog

Record Details

Catalog Search



The white plague  Cover Image Book Book

The white plague / Frank Herbert.

Herbert, Frank. (Author).

Record details

  • ISBN: 0399127216
  • ISBN: 0425065553
  • Physical Description: 445 pages ; 24 cm.
  • Publisher: New York : Putnam, 1982.

LDR 00664cam a2200229 a 4500
001120520
003CONS
00520140703082252.0
008820421s1982 nyu 000 1 eng
010 . ‡a 82007586
020 . ‡a0399127216
020 . ‡a0425065553
035 . ‡a(CPomAG)LMN416055
0500 . ‡aPS3558.E63 ‡bW55 1982
0820 . ‡a813/.54 ‡219
1001 . ‡aHerbert, Frank.
24514. ‡aThe white plague / ‡cFrank Herbert.
260 . ‡aNew York : ‡bPutnam, ‡c1982.
300 . ‡a445 pages ; ‡c24 cm.
914 . ‡dNAC_rg
959 . ‡i32269000184567 ‡lF Her ‡aAdult - Fiction ‡tFiction ‡g3.95
852 . ‡p32269000184567 ‡jF Her ‡gAdult - Fiction ‡cFiction ‡y3.95 ‡bSBPL
901 . ‡a120520 ‡bUnknown ‡c120520 ‡tbiblio

Additional Resources